The Icarus agenda (Бичлэгийн дугаар. 145404)
| 000 -УДИРДЛАГА | |
|---|---|
| Удирдлага | 00523nam a22002057a 4500 |
| 003 - ХЯНАЛТЫН ТОО ТОДОРХОЙЛОГЧ | |
| Код | MN-UlNUM |
| 005 - БИЧИЛТ ХИЙСЭН ОГНОО | |
| Тухайн бичилтийг бичсэн засварласан сүүлийн огноо | 20251107104248.0 |
| 008 - ЕРӨНХИЙ МЭДЭЭЛЭЛ | |
| Ерөнхий мэдээлэл | 251107s1988 nyu||||| |||| 001 0 eng d |
| 020 ## - ISBN | |
| ISBN | 0394543970 |
| 040 ## - БИЧЛЭГ ҮҮСГЭГЧ БАЙГУУЛЛАГА | |
| Бичлэг үүсгэгч номын сангийн код | МУИС-ийн номын сан |
| 084 ## - ББК АНГИЛАЛ | |
| Нэмэлт тусгалт | Нэг сэдэвт бүтээл |
| ББК ангилал | 84(7) |
| Зохиогчийн гурван тэмдэгт | L 96 |
| Мэдлэгийн ялгаа | 83 - Утга зохиол судлал |
| 100 1# - ЗОХИОГЧ | |
| Зохиогчийн нэр | Ludlum, Robert, |
| Зохиогчийн огноо | 1927-2001. |
| 245 14 - ҮНДСЭН ГАРЧИГ | |
| Номын нэр | The Icarus agenda |
| Оролцогчдын тухай мэдээ | Robert Ludlum. |
| 260 ## - ГАРАЛТЫН МЭДЭЭ | |
| Хэвлэгдсэн газар | New York : |
| Хэвлэлийн газар | Random House, |
| Хэвлэгдсэн он | 1988. |
| 300 ## - МАТЕРИАЛЫН ТОДОРХОЙЛОЛТ | |
| хуудасны тоо | x, 677 p. ; |
| Хэмжээ | 24 cm. |
| 500 ## - Тайлбар | |
| Дансны дугаар | БС 1997 |
| 546 ## - ХЭЛНИЙ ТУХАЙ МЭДЭЭ | |
| Хэл | Англи хэл дээр, |
| 942 ## - ЭЛЕМЕНТИЙН ТӨРӨЛ | |
| Зүйлийн төрөл | Ном |
